International financial management /
محفوظ في:
| المؤلف الرئيسي: | |
|---|---|
| مؤلفون آخرون: | , |
| التنسيق: | كتاب |
| منشور في: |
New York :
McGraw-Hill,
c1978.
|
| الموضوعات: | |
| الوسوم: |
إضافة وسم
لا توجد وسوم, كن أول من يضع وسما على هذه التسجيلة!
|
MARC
| LEADER | 00000cam a2200000 i 4500 | ||
|---|---|---|---|
| 020 | |a 0070281750 |c TZs.200/- | ||
| 040 | |a MUL |b eng |e AACR | ||
| 082 | 0 | 0 | |a 658.15 HEN |
| 100 | 1 | |a Henning, Charles N. | |
| 245 | 1 | 0 | |a International financial management / |c Charles N. Henning, William Pigott and Robert Haney Scott. |
| 260 | |a New York : |b McGraw-Hill, |c c1978. | ||
| 300 | |a xv, 576 p. : |b ill. ; |c 25 cm. | ||
| 504 | |a Includes bibliographical references and indexes. | ||
| 650 | 0 | |a International finance. | |
| 650 | 0 | |a International business enterprises | |
| 700 | 1 | |a Pigott, William, | |
| 700 | 1 | |a Scott, Robert Haney, | |
| 942 | |c BK | ||
| 999 | |c 4504 |d 4504 | ||